When I'm Sixty-Four - The Beatles (All Lyrics) - Statistics

General Stats
  • This quiz has been taken 116 times
    115 since last reset
  • The average score is 145 of 193
Answer Stats
Lyrics % Correct
I
100%
when
100%
me
99%
me,
99%
me?
99%
still
99%
will
99%
you
99%
a
97%
64?
95%
64
95%
i'm
95%
need
95%
of
94%
feed
92%
get
92%
now
92%
from
91%
my
91%
older,
91%
older
91%
years
91%
and
90%
be
90%
many
90%
losing
89%
bottle
86%
hair
86%
the
86%
wine?
85%
who
84%
in
82%
your
82%
to
81%
Valentine
80%
birthday
78%
send
78%
we
78%
sending
77%
if
76%
on
76%
go
75%
greetings,
75%
by
72%
too
72%
can
71%
for
71%
say
70%
would
70%
you'll
68%
could
67%
door?
65%
out
63%
knee
62%
grandchildren
61%
lock
61%
quarter
61%
three
61%
with
61%
word
59%
it's
58%
mean
58%
not
58%
stay
58%
vera,
58%
chuck
57%
dave
57%
have
56%
'til
56%
fireside
54%
isle
53%
line
53%
what
53%
been
52%
gone
51%
handy,
51%
lights
51%
mending
51%
more?
51%
postcard,
51%
ride
51%
ask
49%
drop
49%
fuse
49%
sunday
49%
wight
49%
dear
47%
knit
47%
sweater
47%
point
46%
yours
46%
i'd
44%
view
44%
save
43%
shall
43%
stating
43%
give
42%
mornings
42%
rent
42%
away
41%
cottage
41%
precisely
41%
sincerely,
41%
indicate
39%
mine
39%
scrimp
38%
wasting
38%
every
37%
garden,
37%
answer,
35%
evermore
34%
summer,
34%
weeds
34%
digging
30%
doing
28%
fill
27%
form
27%
hoo!
11%
No matching quizzes found
Score Distribution
Percent of People with Each Score
Percentile by Number Answered
Your Score History
You have not taken this quiz since the last reset